Gminy województwa lubuskiego na mapie - Statystyki

Ogólne statystyki
  • Ten quiz został rozwiązany 1 177 razy
    757 od ostatniego zresetowania
  • Średni wynik to 47 z 82
Odpowiedzi na mapie
Odpowiedzi zakodowano w zielono-czerwonej skali na mapie do tego quizu, zgodnie z poniższymi procentami.
 
Statystyki odpowiedzi
Powiat Typ gminy Gmina % Poprawnych
miasta na prawach powiatu miejska m. Gorzów Wielkopolski
98%
miasta na prawach powiatu miejska m. Zielona Góra
96%
żarski miejska Żary
92%
żarski wiejska Żary
92%
żagański miejska Żagań
90%
żagański wiejska Żagań
90%
nowosolski miejska Nowa Sól
87%
nowosolski wiejska Nowa Sól
87%
słubicki miejsko-wiejska Słubice
87%
strzelecko-drezdenecki miejsko-wiejska Drezdenko
86%
świebodziński miejsko-wiejska Świebodzin
85%
międzyrzecki miejsko-wiejska Międzyrzecz
84%
wschowski miejsko-wiejska Wschowa
84%
sulęciński miejsko-wiejska Sulęcin
82%
krośnieński miejsko-wiejska Krosno Odrzańskie
81%
krośnieński miejska Gubin
80%
krośnieński wiejska Gubin
80%
strzelecko-drezdenecki miejsko-wiejska Strzelce Krajeńskie
80%
gorzowski miejska Kostrzyn nad Odrą
79%
zielonogórski miejsko-wiejska Sulechów
74%
słubicki miejsko-wiejska Rzepin
68%
świebodziński miejsko-wiejska Zbąszynek
68%
zielonogórski miejsko-wiejska Babimost
66%
nowosolski miejsko-wiejska Bytom Odrzański
65%
międzyrzecki miejsko-wiejska Skwierzyna
65%
wschowski miejsko-wiejska Sława
65%
żagański miejsko-wiejska Szprotawa
64%
sulęciński miejsko-wiejska Torzym
63%
strzelecko-drezdenecki miejsko-wiejska Dobiegniew
62%
zielonogórski miejsko-wiejska Nowogród Bobrzański
61%
słubicki miejsko-wiejska Ośno Lubuskie
61%
wschowski miejsko-wiejska Szlichtyngowa
61%
gorzowski miejsko-wiejska Witnica
61%
nowosolski miejsko-wiejska Kożuchów
60%
zielonogórski miejsko-wiejska Kargowa
59%
zielonogórski miejsko-wiejska Czerwieńsk
58%
nowosolski miejsko-wiejska Otyń
58%
słubicki miejsko-wiejska Cybinka
57%
żarski miejska Łęknica
57%
żarski miejsko-wiejska Lubsko
57%
międzyrzecki miejsko-wiejska Trzciel
57%
żagański miejsko-wiejska Iłowa
56%
sulęciński miejsko-wiejska Lubniewice
53%
gorzowski wiejska Deszczno
52%
gorzowski wiejska Santok
52%
żarski miejsko-wiejska Jasień
51%
żarski miejsko-wiejska Brody
50%
świebodziński wiejska Łagów
50%
żagański miejsko-wiejska Małomice
49%
nowosolski miejsko-wiejska Nowe Miasteczko
49%
gorzowski wiejska Kłodawa
48%
żagański miejska Gozdnica
46%
żarski wiejska Lipinki Łużyckie
44%
sulęciński wiejska Słońsk
43%
zielonogórski wiejska Świdnica
43%
żarski wiejska Przewóz
42%
zielonogórski wiejska Zabór
42%
gorzowski wiejska Bogdaniec
40%
międzyrzecki wiejska Przytoczna
40%
strzelecko-drezdenecki wiejska Zwierzyn
40%
zielonogórski wiejska Bojadła
39%
międzyrzecki wiejska Pszczew
39%
strzelecko-drezdenecki wiejska Stare Kurowo
39%
krośnieński wiejska Dąbie
38%
żarski wiejska Trzebiel
38%
żagański wiejska Niegosławice
37%
świebodziński wiejska Szczaniec
37%
żarski wiejska Tuplice
37%
międzyrzecki wiejska Bledzew
36%
sulęciński wiejska Krzeszyce
36%
słubicki wiejska Górzyca
35%
nowosolski wiejska Kolsko
35%
zielonogórski wiejska Trzebiechów
35%
gorzowski wiejska Lubiszyn
34%
świebodziński wiejska Lubrza
34%
nowosolski wiejska Siedlisko
32%
świebodziński wiejska Skąpe
32%
żagański wiejska Wymiarki
32%
krośnieński wiejska Bobrowice
31%
żagański wiejska Brzeźnica
31%
krośnieński wiejska Bytnica
30%
krośnieński wiejska Maszewo
30%
Nie znaleziono quizów pasujących do podanych kryteriów
Rozkład punktacji
Procent ludzi z każdym wynikiem
Percentyl według liczby udzielonych odpowiedzi
Twoja historia wyników
Nie rozwiązałeś tego quizu od ostatniego zresetowania